| 000 | 01218 a2200253 4500 | ||
|---|---|---|---|
| 003 | dpl | ||
| 005 | 2008082502202.0 | ||
| 008 | 080825t xxu||||| |||| 00| 0 hin d | ||
| 010 | _aHIN-83018 | ||
| 020 | _c250.00 | ||
| 035 | _aHN-55364 | ||
| 037 | _bपु.प्र.अ.प्र/प्रका | ||
| 040 |
_aDPL _bHN _cDBAD |
||
| 082 | _a821.08 | ||
| 245 |
_aपदमावत / _cरामचन्द्र शुक्ल द्वारा संपादित |
||
| 246 |
_aPadmavat _bedited by Ramchandra Shukla |
||
| 260 |
_aइलाहाबाद _bलोकभारती _c2007 |
||
| 270 |
_a15-ए, महात्मा गाँधी मार्ग _bइलाहाबाद _e1 |
||
| 300 |
_avii,248पृ _c22सेमी (अजिल्द) |
||
| 500 | _aमलिक मुहम्मद जायसी की अमर कृति पद्यावत | ||
| 700 | _aशक्ल, रामचन्द्र | ||
| 942 |
_adpl _cHN _k821.08 / पदमा _2ddc _h821.08 _mपदमा |
||
| 999 |
_c11504 _d11504 |
||